书目信息 |
| 题名: |
结构振动控制
|
|
| 作者: | 欧进萍 著 | |
| 分册: | ||
| 出版信息: | 北京 科学出版社 2003.11 |
|
| 页数: | 540页 | |
| 开本: | 25cm | |
| 丛书名: | ||
| 单 册: | ||
| 中图分类: | TU311.3 | |
| 科图分类: | ||
| 主题词: | 土木工程--tu mu gong cheng--工程结构--振动控制 | |
| 电子资源: | ||
| ISBN: | 7-03-012117-1 | |
| 000 | 01242nam0 2200265 450 | |
| 001 | G012002011387 | |
| 005 | 20061123085854.40 | |
| 010 | @a7-03-012117-1@b精装@d66.00CNY | |
| 099 | @aCAL 012004011996 | |
| 100 | @a20040223d2003 ekmy0chiy0121 ea | |
| 101 | 0 | @achi |
| 102 | @aCN@b110000 | |
| 105 | @aak a 000yy | |
| 200 | 1 | @a结构振动控制@Ajie gou zhen dong kong zhi@e主动、半主动和智能控制@f欧进萍著 |
| 210 | @a北京@c科学出版社@d2003.11 | |
| 215 | @a540页@c图@d25cm | |
| 300 | @a其他题名:主动半主动和智能控制 | |
| 320 | @a有书目 (第520-540页) | |
| 330 | @a本书系统地总结了土木工程结构主动、半主动和智能控制的理论、方法、技术、系统和工程应用。第1~2章为动态系统的重要特性和主动控制算法;第3~5章为动态系统智能控制算法;第6~8章是以控制装置为核心的主动和半主动控制系统;第9~11章是以智能驱动和阻尼材料及其控制装置为核心的结构智能控制系统;第12章是结构主动、半主动和智能控制系统的设计方法;附录介绍了土木工程结构振动控制的Benchmark模型和性能评价体系。 | |
| 517 | 1 | @a主动半主动和智能控制@Azhu dong ban zhu dong he zhi neng kong zhi |
| 606 | 0 | @a土木工程@Atu mu gong cheng@x工程结构@x振动控制 |
| 690 | @aTU311.3@v4 | |
| 701 | 0 | @a欧进萍@Aou jin ping@4著 |
| 801 | 0 | @c20061123 |
| 905 | @a10447@dTU311.3@eO240 | |
| 结构振动控制:主动、半主动和智能控制/欧进萍著.-北京:科学出版社,2003.11 |
| 540页:图;25cm |
| 其他题名:主动半主动和智能控制 |
| ISBN 7-03-012117-1(精装):66.00CNY |
| 本书系统地总结了土木工程结构主动、半主动和智能控制的理论、方法、技术、系统和工程应用。第1~2章为动态系统的重要特性和主动控制算法;第3~5章为动态系统智能控制算法;第6~8章是以控制装置为核心的主动和半主动控制系统;第9~11章是以智能驱动和阻尼材料及其控制装置为核心的结构智能控制系统;第12章是结构主动、半主动和智能控制系统的设计方法;附录介绍了土木工程结构振动控制的Benchmark模型和性能评价体系。 |
| ● |
| 相关链接 |
|
|
|
正题名:结构振动控制
索取号:TU311.3/O240
 
预约/预借
| 序号 | 登录号 | 条形码 | 馆藏地/架位号 | 状态 | 备注 |
| 1 | 542429 | 205424290 | 建筑库101/101建筑库 78排4列3层/ [索取号:TU311.3/O240] | 在馆 | |
| 2 | 542430 | 205424307 | 建筑库101/101建筑库 78排4列3层/ [索取号:TU311.3/O240] | 在馆 | |
| 3 | 550979 | 205509797 | 建筑库101/101建筑库 78排4列3层/ [索取号:TU311.3/O240] | 在馆 | |
| 4 | 550980 | 205509804 | 建筑库101/101建筑库 78排4列3层/ [索取号:TU311.3/O240] | 在馆 | |
| 5 | 615505 | 206155051 | 建筑库101/101建筑库 78排4列3层/ [索取号:TU311.3/O240] | 在馆 | |
| 6 | 615506 | 206155060 | 建筑库101/101建筑库 78排4列3层/ [索取号:TU311.3/O240] | 在馆 | |
| 7 | 615507 | 206155079 | 建筑库101/101建筑库 78排4列3层/ [索取号:TU311.3/O240] | 在馆 | |
| 8 | 615508 | 206155088 | 建筑库101/101建筑库 78排4列3层/ [索取号:TU311.3/O240] | 在馆 |